| 000 | 00488nam a22001937a 4500 | ||
|---|---|---|---|
| 003 | MPLRDC | ||
| 005 | 20220104143420.0 | ||
| 008 | 210129b ||||| |||| 00| 0 eng d | ||
| 020 | _a981-04-6358-8 | ||
| 082 | _a859.6 DZYL v.2 c.2 | ||
| 100 | _a大众书局编辑 | ||
| 245 |
_a鬼怪传奇故事 _c |
||
| 250 | _a再版 | ||
| 260 |
_a _b大众书局出版 _c2002 |
||
| 300 | _b平 | ||
| 490 | _a大众优良故事精选 | ||
| 650 | _a儿童故事 | ||
| 942 |
_cBK _o859.6 DZYL v.2 c.2 |
||
| 999 |
_c39686 _d39676 |
||